La imagen de la mujer en el arte español / (Record no. 82498)

MARC details
000 -LEADER
campo de control de longitud fija 01092nam a2200253 i 4500
001 - NÚMERO DE CONTROL
campo de control 82498
003 - IDENTIFICADOR DE NÚMERO DE CONTROL
campo de control ES-MaACL
005 - FECHA Y HORA DE LA ÚLTIMA TRANSACCIÓN
campo de control 20250731110847.0
007 - CAMPO FIJO DE DESCRIPCIÓN FÍSICA--INFORMACIÓN GENERAL
campo de control de longitud fija t|
008 - DATOS DE LONGITUD FIJA--INFORMACIÓN GENERAL
campo de control de longitud fija 041110s1984 sp 10110 spa d
020 ## - NÚMERO INTERNACIONAL ESTÁNDAR DEL LIBRO
Número Internacional Estándar del Libro 84-7477-023-8
080 ## - NÚMERO DE LA CLASIFICACIÓN DECIMAL UNIVERSAL
Número de la Clasificación Decimal Universal 7.041.2-055.2(063)
111 2# - ENTRADA PRINCIPAL--NOMBRE DE CONGRESO/REUNIÓN
Nombre de congreso/reunión o jurisdicción como elemento de entrada Jornadas de Investigación Interdisciplinaria (
Número del congreso/reunión o número de parte o sección 3ª.
Fecha del congreso o de la firma del tratado 1983.
Sede del congreso/Lugar de la reunión Madrid)
9 (RLIN) 174331
245 13 - MENCIÓN DEL TÍTULO
Título La imagen de la mujer en el arte español /
Mención de responsabilidad, etc. Seminario de Estudios de la Mujer de la Universidad Autónoma de Madrid.
260 ## - PUBLICACIÓN, DISTRIBUCIÓN, ETC.
Lugar de publicación, distribución, etc. Madrid :
Nombre del editor, distribuidor, etc. Universidad Autónoma de Madrid,
Fecha de publicación, distribución, etc. [1984]
300 ## - DESCRIPCIÓN FÍSICA
Extensión 148 p. ;
Dimensiones 24 cm.
500 ## - NOTA GENERAL
Nota general Índice disponible en Dialnet.
650 #4 - PUNTO DE ACCESO ADICIONAL DE MATERIA--TÉRMINO DE MATERIA
Término de materia o nombre geográfico como elemento de entrada Mujeres-
Subdivisión general En el arte-
Subdivisión de forma Congresos y asambleas.
9 (RLIN) 174332
710 2# - ENTRADA AGREGADA--NOMBRE DE ENTIDAD CORPORATIVA
Nombre de entidad corporativa o nombre de jurisdicción como elemento de entrada Universidad Autónoma de Madrid.
Unidad subordinada Seminario de Estudios de la Mujer.
9 (RLIN) 174334
852 4# - LOCALIZACIÓN
Ubicación ES-MaACL
Número de control de estantería L-7213
Ubicación en estantería Depósito 2
Nota libre Revisado enlace: 31 de julio de 2025
856 4# - LOCALIZACIÓN Y ACCESO ELECTRÓNICOS
Identificador Uniforme de Recursos <a href="https://dialnet.unirioja.es/servlet/libro?codigo=6581&utm_source=catalogo.bne.es&utm_medium=libro&utm_campaign=Dialnet_Widgets">https://dialnet.unirioja.es/servlet/libro?codigo=6581&utm_source=catalogo.bne.es&utm_medium=libro&utm_campaign=Dialnet_Widgets</a>
Texto de enlace Índice (Dialnet)
942 ## - ELEMENTOS DE ENTRADA SECUNDARIOS (KOHA)
Fuente del sistema de clasificación o colocación Clasificación decimal universal
Holdings
Estatus retirado Estado de pérdida Estado de daño No para préstamo Colección Biblioteca de origen Biblioteca actual Ubicación en estantería Fecha de adquisición Fuente de adquisición Total de préstamos Signatura topográfica completa Código de barras Visto por última vez Precio de reemplazo Tipo de ítem Koha
        Colección digital Biblioteca del Ateneo de Madrid Biblioteca del Ateneo de Madrid Depósito 2 17/01/2008     L-7213 1086216 23/02/2023 23/02/2023 Libro impreso